Knowledge masters: (Record no. 163904)
[ view plain ]
| 000 -LEADER | |
|---|---|
| fixed length control field | 00495nam a22001697a 4500 |
| 005 - DATE AND TIME OF LATEST TRANSACTION | |
| control field | 20190504133146.0 |
| 010 ## - LCCN (DPL NO) | |
| LC control number | B-261557 |
| 020 ## - INTERNATIONAL STANDARD BOOK NUMBER | |
| International Standard Book Number | 8188370738 |
| Terms of availability | 150.00 |
| 035 ## - SYSTEM CONTROL NUMBER | |
| System control number | B-261557 |
| 037 ## - SOURCE OF ACQUISITION | |
| Source of stock number/acquisition | Young Learner Publications |
| 082 ## - DEWEY DECIMAL CLASSIFICATION NUMBER | |
| Classification number | 930 |
| 100 ## - MAIN ENTRY--PERSONAL NAME | |
| Personal name | Tames, Richard |
| 245 ## - TITLE STATEMENT | |
| Title | Knowledge masters: |
| Remainder of title | Ancient world / |
| Statement of responsibility, etc | Richard Tames |
| 260 ## - PUBLICATION, DISTRIBUTION, ETC. (IMPRINT) | |
| Place of publication, distribution, etc | New Delhi |
| Name of publisher, distributor, etc | Young Learner Publications |
| 300 ## - PHYSICAL DESCRIPTION | |
| Extent | 32p. (it include index) |
| Dimensions | 28cm. (hbk) |
| 942 ## - ADDED ENTRY ELEMENTS (KOHA) | |
| Source of classification or shelving scheme | Dewey Decimal Classification |
| Item type | Children Books |
| Classification part | 930 |
| Call number suffix | TAM |
No items available.
